[Event "Stockerau-Open 2006 B-Turnier"]
[Site "Stockerau"]
[Date "2006.05.26"]
[Round "3"]
[White "Scherzer, Heinrich"]
[Black "Hansal, Franz"]
[Result "1-0"]
[WhiteElo "1581"]
[BlackElo "1399"]
[PlyCount "44"]
[EventDate "2006.05.25"]

1. d4 Nf6 2. c4 g6 3. Nc3 Bg7 4. e4 d6 5. Nf3 O-O 6. Bd3 e5 7. dxe5 dxe5 8.
Nxe5 Ne8 9. Nf3 c6 10. Qc2 f6 11. Bf4 Bg4 12. O-O-O Bxf3 13. gxf3 Nd7 14. h4
Ne5 15. Be2 Qe7 16. Qd2 Rf7 17. Be3 b6 18. f4 Nd7 19. Bf3 Rc8 20. Bg4 Rd8 21.
Rde1 h5 22. Bf3 Nb8 1-0

[Event "Stockerau-Open 2006 B-Turnier"]
[Site "Stockerau"]
[Date "2006.05.27"]
[Round "4"]
[White "Weindl, Gerhard"]
[Black "Koellner, Franz-Josef"]
[Result "1-0"]
[WhiteElo "1632"]
[BlackElo "1726"]
[PlyCount "65"]
[EventDate "2006.05.25"]

1. e4 c6 2. d4 d5 3. exd5 cxd5 4. Nc3 Nf6 5. Nf3 Bg4 6. Be2 e6 7. Ne5 Bxe2 8.
Qxe2 a6 9. O-O Be7 10. Re1 O-O 11. a3 Nc6 12. Nf3 Qc7 13. h3 Rac8 14. Nd1 Bd6
15. c4 dxc4 16. Qxc4 Qb6 17. Qd3 Nd5 18. Nc3 Nf4 19. Qe4 Ng6 20. Rb1 Bb8 21.
Be3 Qc7 22. d5 exd5 23. Nxd5 Qd6 24. Rbd1 Rfe8 25. Qg4 Nce5 26. Nxe5 Qxe5 27.
g3 Qxb2 28. Bd4 Qxa3 29. h4 Qf8 30. h5 Ne5 31. Bxe5 Rxe5 32. Rxe5 Bxe5 33. Qxc8
1-0

[Event "Stockerau-Open 2006 B-Turnier"]
[Site "Stockerau"]
[Date "2006.05.27"]
[Round "4"]
[White "Mueller, Alfred"]
[Black "Metzger, Siegfried"]
[Result "0-1"]
[WhiteElo "1765"]
[BlackElo "1600"]
[PlyCount "83"]
[EventDate "2006.05.25"]

1. d4 e6 2. e4 Be7 3. Nf3 Nf6 4. Bd3 Nc6 5. a3 a6 6. c4 d6 7. Nc3 Bd7 8. h3 h6
9. Be3 Na7 10. Rc1 c6 11. O-O Nh7 12. Nh2 Bg5 13. f4 Be7 14. b4 b5 15. cxb5
axb5 16. Qf3 Nc8 17. Nb1 O-O 18. f5 Ng5 19. Qg3 exf5 20. exf5 Bf6 21. Kh1 Kh8
22. Ng4 Nh7 23. Nxf6 Qxf6 24. Qf2 Ne7 25. Bd2 d5 26. Rce1 Rfe8 27. Re5 Ng5 28.
Bc1 Rad8 29. Nd2 Nc8 30. Rfe1 Nd6 31. Qf4 Ne6 32. Qg4 Ng5 33. Rxe8+ Rxe8 34.
Rxe8+ Nxe8 35. Qf4 Nd6 36. g4 Nxh3 37. Qe3 Qh4 38. Be2 Nf4+ 39. Kg1 Qe1+ 40.
Nf1 Nxe2+ 41. Kg2 Ne4 42. Kf3 0-1

[Event "Stockerau-Open 2006 B-Turnier"]
[Site "Stockerau"]
[Date "2006.05.27"]
[Round "4"]
[White "Knab, Wilhelm"]
[Black "Jirku, Erich"]
[Result "1-0"]
[WhiteElo "1764"]
[BlackElo "1571"]
[PlyCount "67"]
[EventDate "2006.05.25"]

1. e4 g6 2. d4 Bg7 3. Nf3 d6 4. Nc3 Bg4 5. h3 Bxf3 6. gxf3 c6 7. Be3 Nd7 8. Qd2
e5 9. O-O-O Qc7 10. d5 Nb6 11. dxc6 O-O-O 12. cxb7+ Kxb7 13. Qd3 Ne7 14. Qa6+
Kb8 15. Nb5 Qb7 16. Qxb7+ Kxb7 17. Nxd6+ Kb8 18. Nxf7 Rxd1+ 19. Kxd1 Rf8 20.
Ng5 Rc8 21. Ba6 Rc6 22. Bd3 Nc4 23. Bxc4 Rxc4 24. Nxh7 Nc6 25. c3 Na5 26. Rg1
Rc6 27. Kc2 Nc4 28. Bg5 Rb6 29. Bc1 g5 30. Rd1 Bh6 31. b3 Nd6 32. Bxg5 Bxg5 33.
Nxg5 Rc6 34. Rd5 1-0

[Event "Stockerau-Open 2006 B-Turnier"]
[Site "Stockerau"]
[Date "2006.05.27"]
[Round "4"]
[White "Scharf, Leopold"]
[Black "Paseka, Christian"]
[Result "1-0"]
[WhiteElo "1620"]
[BlackElo "1641"]
[PlyCount "37"]
[EventDate "2006.05.25"]

1. e4 c5 2. Nf3 d6 3. d4 cxd4 4. Nxd4 Nf6 5. Nc3 a6 6. Bg5 e6 7. f4 Qb6 8. Nb3
Be7 9. Qf3 Qc7 10. O-O-O Nbd7 11. f5 b5 12. fxe6 fxe6 13. e5 Bb7 14. Qh3 Nxe5
15. Nd4 Bc8 16. Nxe6 Bxe6 17. Qxe6 Rd8 18. Bxf6 gxf6 19. Nd5 1-0

[Event "Stockerau-Open 2006 B-Turnier"]
[Site "Stockerau"]
[Date "2006.05.27"]
[Round "4"]
[White "Hansal, Franz"]
[Black "Zwerger, Kurt"]
[Result "0-1"]
[WhiteElo "1399"]
[BlackElo "1630"]
[PlyCount "44"]
[EventDate "2006.05.25"]

1. e4 e5 2. Nf3 d6 3. Be2 Nc6 4. d4 exd4 5. Nxd4 Ne5 6. Nc3 Bd7 7. O-O h6 8.
Be3 Nf6 9. f3 g5 10. Nf5 Bxf5 11. exf5 a6 12. Ne4 Bg7 13. Nxf6+ Bxf6 14. c3 Qd7
15. Qc2 O-O-O 16. Rad1 h5 17. g4 hxg4 18. fxg4 Rh3 19. Rf2 Rxe3 20. Qb3 Rh8 21.
Rd2 Qc6 22. Qd1 Rg3+ 0-1

[Event "Stockerau-Open 2006 B-Turnier"]
[Site "Stockerau"]
[Date "2006.05.27"]
[Round "4"]
[White "Hetfleis, Enrico"]
[Black "Gindl, Herbert"]
[Result "1-0"]
[WhiteElo "1503"]
[BlackElo "1500"]
[PlyCount "65"]
[EventDate "2006.05.25"]

1. c4 c5 2. Nf3 Nf6 3. Nc3 Nc6 4. d4 cxd4 5. Nxd4 Nxd4 6. Qxd4 a6 7. g3 d6 8.
Bg5 e5 9. Qd2 Be7 10. Rd1 Be6 11. b3 Qc7 12. Bg2 Rd8 13. O-O O-O 14. Bxf6 Bxf6
15. Nd5 Bxd5 16. Qxd5 Rd7 17. Rd2 Rfd8 18. Rfd1 Bg5 19. e3 Be7 20. Bh3 Kf8 21.
Bxd7 Rxd7 22. Kg2 a5 23. a4 b6 24. h4 Kg8 25. Rh1 Bf8 26. f4 exf4 27. exf4 Qd8
28. Re1 g6 29. Rde2 Re7 30. Kf3 h5 31. Re4 Qd7 32. Kg2 Kh7 33. Rxe7 1-0

[Event "Stockerau-Open 2006 B-Turnier"]
[Site "?"]
[Date "2006.05.27"]
[Round "4"]
[White "Zapfel, Paul"]
[Black "Stockhammer, Christian"]
[Result "1-0"]
[WhiteElo "1795"]
[BlackElo "1608"]
[PlyCount "93"]
[EventDate "2006.??.??"]

1. e4 c5 2. d4 cxd4 3. c3 dxc3 4. Nxc3 Nc6 5. Nf3 d6 6. Bc4 e6 7. O-O Nf6 8.
Qe2 Be7 9. Rd1 Qc7 10. Bg5 a6 11. Rac1 O-O 12. Be3 Bd7 13. a3 Rac8 14. b4 b5
15. Bb3 Qb7 16. h3 Ne5 17. Nxe5 dxe5 18. f3 Bc6 19. Qb2 Rfd8 20. Ne2 Rxd1+ 21.
Rxd1 Nd7 22. Bf2 Bd8 23. Qa2 Bb6 24. Bxb6 Qxb6+ 25. Kh2 Re8 26. Rd6 Qc7 27. Rd2
Nb6 28. Qc2 Rc8 29. Qd3 Kf8 30. Qe3 Nd7 31. Rc2 Qb6 32. Qd2 Qc7 33. a4 bxa4 34.
Bxa4 Nb8 35. b5 axb5 36. Bxb5 Qd7 37. Qb4+ Ke8 38. Ng3 Bxb5 39. Rxc8+ Qxc8 40.
Qxb5+ Nd7 41. Nh5 Kf8 42. Qb4+ Qc5 43. Qd2 Qe7 44. Qc1 Qd8 45. Qa3+ Kg8 46. Qd3
g6 47. Qxd7 1-0

[Event "4. Stockerau Schach-Open 2006"]
[Site "?"]
[Date "2006.05.27"]
[Round "4"]
[White "Krueckel, Franz"]
[Black "Gindl, Josef"]
[Result "0-1"]
[WhiteElo "1525"]
[BlackElo "1570"]
[PlyCount "108"]
[SourceDate "2006.05.27"]

1. c4 Nf6 2. d4 d5 3. g3 Bf5 4. Bg2 e6 5. Nc3 Nc6 6. c5 Nb4 7. e4 dxe4 8. Bf1
e3 9. Bxe3 Nc2+ 10. Kd2 Nxa1 11. Qxa1 Ne4+ 12. Nxe4 Bxe4 13. f3 Bc6 14. b4 a6
15. Bd3 b6 16. Be4 Bxe4 17. fxe4 bxc5 18. Nf3 cxd4 19. Bxd4 Bxb4+ 20. Ke2 f6
21. Rd1 Qe7 22. Rd3 O-O 23. a3 Bc5 24. Qc3 Bxd4 25. Nxd4 e5 26. Nc6 Qe6 27. Qc5
Rf7 28. Rd8+ Rxd8 29. Nxd8 Qg4+ 30. Ke3 Rd7 31. Qc4+ Kf8 32. Ne6+ Ke7 33. Nxc7
Qg5+ 34. Kf3 Qh5+ 35. Ke3 Qf7 36. Nd5+ Kd8 37. Qc6 Ra7 38. Qd6+ Kc8 39. Nb6+
Kb7 40. Nd5 a5 41. Kd2 Ra6 42. Qc5 Qd7 43. Ke3 Qd6 44. Qb5+ Ka7 45. a4 Qc6 46.
Kd3 Qxb5+ 47. axb5 Rd6 48. Kc4 Kb7 49. Kc5 Rd8 50. b6 Rc8+ 51. Nc7 Rxc7+ 52.
bxc7 Kxc7 53. Kb5 Kd6 54. Kxa5 Kc5 0-1

[Event "Stockerau-Open 2006 B-Turnier"]
[Site "Stockerau"]
[Date "2006.05.28"]
[Round "5"]
[White "Metzger, Siegfried"]
[Black "Kristofic, Mario"]
[Result "0-1"]
[WhiteElo "1600"]
[BlackElo "1682"]
[PlyCount "174"]
[EventDate "2006.05.25"]

1. e4 e6 2. Nf3 d5 3. exd5 exd5 4. c3 c5 5. Bb5+ Bd7 6. Bxd7+ Qxd7 7. O-O Bd6
8. d4 c4 9. Re1+ Ne7 10. Ne5 Bxe5 11. Rxe5 Nbc6 12. Re1 O-O 13. Bf4 Ng6 14. Bg3
Rae8 15. Nd2 Rxe1+ 16. Qxe1 Re8 17. Qd1 Re6 18. Nf3 f6 19. Qd2 Qe7 20. Re1 Re4
21. h3 Kf7 22. Rxe4 Qxe4 23. a3 Na5 24. Qd1 Nb3 25. Nd2 Qd3 26. Qf3 Qxf3 27.
Nxf3 Nc1 28. Kf1 Nd3 29. Ke2 Nxb2 30. Ne1 Na4 31. Kd2 Nb6 32. Nc2 Ke6 33. Bb8
a6 34. f3 Nd7 35. Bc7 Ne7 36. g4 g6 37. Ne3 f5 38. g5 Nc8 39. f4 Nd6 40. a4
Ne4+ 41. Kc2 Nf2 42. h4 Ng4 43. Ng2 h5 44. Kb2 Nf2 45. Kc2 Ne4 46. Ne1 Nd6 47.
Ng2 b5 48. axb5 Nxb5 49. Ba5 Nd6 50. Kb2 Nb7 51. Bc7 Nd6 52. Ba5 Ne4 53. Kc2
Kd6 54. Ne3 Kc6 55. Bd8 Nf8 56. Ng2 Ne6 57. Be7 a5 58. Kb2 a4 59. Kc2 Nf2 60.
Ba3 Nd3 61. Bc1 Kb5 62. Kb1 Nxc1 63. Kxc1 a3 64. Kc2 Ka4 65. Ne1 Nxf4 66. Nf3
a2 67. Kb2 a1=Q+ 68. Kxa1 Kb3 69. Kb1 Kxc3 70. Kc1 Kd3 71. Ne1+ Kxd4 72. Kc2
Kc5 73. Nf3 d4 74. Ne5 Kd5 75. Nf3 c3 76. Ne1 Kc4 77. Nf3 d3+ 78. Kd1 Kb3 79.
Nd4+ Kb2 80. Nf3 c2+ 81. Ke1 c1=Q+ 82. Kf2 Qc2+ 83. Kg3 Ne2+ 84. Kh3 Ng1+ 85.
Nxg1 d2 86. Ne2 d1=Q 87. Nd4 Qg4# 0-1

[Event "Stockerau-Open 2006 B-Turnier"]
[Site "Stockerau"]
[Date "2006.05.28"]
[Round "5"]
[White "Eberdorfer, Wolfgang"]
[Black "Knab, Wilhelm"]
[Result "0-1"]
[WhiteElo "1665"]
[BlackElo "1764"]
[PlyCount "88"]
[EventDate "2006.05.25"]

1. d4 d5 2. c4 e6 3. Nf3 Nf6 4. Nc3 Nbd7 5. Bg5 Be7 6. e3 O-O 7. Bd3 c6 8. O-O
dxc4 9. Bxc4 Nd5 10. Bxe7 Qxe7 11. e4 Nxc3 12. bxc3 e5 13. Re1 c5 14. d5 Qd6
15. Bd3 Nf6 16. c4 Bg4 17. h3 Bh5 18. Re3 Ne8 19. g4 Bg6 20. Nh4 Qf6 21. Ng2
Nd6 22. Qe2 Qe7 23. Rf1 f6 24. f4 Be8 25. Ref3 a6 26. Rg3 b5 27. Re1 exf4 28.
Nxf4 Qe5 29. Qf1 g5 30. Ne2 bxc4 31. Bc2 Nxe4 32. Re3 Bg6 33. Qg2 Rfe8 34. Ng3
Qd4 35. Kh2 Nxg3 36. Rxe8+ Rxe8 37. Rxe8+ Bxe8 38. Qxg3 Qd2+ 39. Qg2 Qxg2+ 40.
Kxg2 h6 41. Kf3 Kf7 42. Ke2 Ke7 43. Kd2 Kd6 44. Be4 Ke5 0-1

[Event "Stockerau-Open 2006 B-Turnier"]
[Site "Stockerau"]
[Date "2006.05.28"]
[Round "5"]
[White "Koellner, Franz-Josef"]
[Black "Scharf, Leopold"]
[Result "1-0"]
[WhiteElo "1726"]
[BlackElo "1620"]
[PlyCount "59"]
[EventDate "2006.05.25"]

1. e4 d5 2. e5 c5 3. c3 Qa5 4. Nf3 Bg4 5. Be2 Bxf3 6. Bxf3 e6 7. c4 Nc6 8. cxd5
Nxe5 9. O-O Nxf3+ 10. Qxf3 e5 11. d6 Qb5 12. Nc3 Qd7 13. Ne4 Qc6 14. b3 f6 15.
Ba3 Bxd6 16. Nxd6+ Qxd6 17. Qxb7 Qb8 18. Qxg7 Qd6 19. Qxh8 Kd7 20. Qxh7+ Ne7
21. Rac1 Rc8 22. d3 Qd4 23. Rc4 Qd5 24. Rfc1 Rg8 25. Qe4 f5 26. Qxd5+ Nxd5 27.
Rxc5 Nf4 28. Rc7+ Ke6 29. R1c6+ Kd5 30. Rd6# 1-0

[Event "Stockerau-Open 2006 B-Turnier"]
[Site "Stockerau"]
[Date "2006.05.28"]
[Round "5"]
[White "Jirku, Erich"]
[Black "Schmied, Kurt"]
[Result "1/2-1/2"]
[WhiteElo "1571"]
[BlackElo "1636"]
[PlyCount "93"]
[EventDate "2006.05.25"]

1. e4 c5 2. Nf3 Nc6 3. Nc3 g6 4. Bc4 e6 5. a3 Bg7 6. Ne2 Nge7 7. c3 d5 8. exd5
exd5 9. Bb5 O-O 10. Bxc6 Nxc6 11. h3 Re8 12. O-O Ne5 13. Ng3 Nd3 14. Ne1 Ne5
15. d4 cxd4 16. cxd4 Nc6 17. Nf3 Qb6 18. Ne2 Be6 19. b4 Qb5 20. Be3 a5 21. Nc3
Qb6 22. b5 Ne7 23. Qe2 Bd7 24. Rab1 Qd6 25. a4 b6 26. Qd2 Be6 27. Ne2 Rac8 28.
Rbc1 Qa3 29. Ra1 Qb3 30. Rfb1 Qc2 31. Rc1 Qxd2 32. Nxd2 Bf5 33. Nf3 Bd3 34. Ng3
f6 35. Ne1 Bc4 36. Nf3 h5 37. Nf1 Nf5 38. g4 hxg4 39. hxg4 Nd6 40. N1d2 Be2 41.
Kg2 Kf7 42. Rc6 Rxc6 43. bxc6 Rc8 44. Rc1 Nc4 45. Nxc4 Bxc4 46. Rxc4 dxc4 47.
d5 1/2-1/2

[Event "Stockerau-Open 2006 B-Turnier"]
[Site "Stockerau"]
[Date "2006.05.28"]
[Round "5"]
[White "Paseka, Christian"]
[Black "Infuehr, Heinrich"]
[Result "1/2-1/2"]
[WhiteElo "1641"]
[BlackElo "1588"]
[PlyCount "69"]
[EventDate "2006.05.25"]

1. d4 Nf6 2. Nf3 d5 3. c4 dxc4 4. e3 c6 5. Bxc4 g6 6. Nc3 b5 7. Bd3 Bg7 8. O-O
O-O 9. Qc2 Nbd7 10. b3 Nb6 11. Bb2 Nfd5 12. a3 Bb7 13. Nxd5 Nxd5 14. Rac1 Rc8
15. Rfd1 Qb6 16. h4 a5 17. h5 Nf6 18. hxg6 fxg6 19. Ng5 Ng4 20. Bxg6 Rxf2 21.
Bxh7+ Kh8 22. Qg6 Rcf8 23. Ne6 R8f7 24. Qxg4 Rxb2 25. Rf1 c5 26. e4 Bxd4+ 27.
Nxd4 Rxg2+ 28. Qxg2 Rg7 29. Rc2 cxd4 30. Qxg7+ Kxg7 31. Rg2+ Kxh7 32. Rh2+ Kg7
33. Rg2+ Kh7 34. Rh2+ Kg7 35. Rg2+ 1/2-1/2

[Event "Stockerau-Open 2006 B-Turnier"]
[Site "Stockerau"]
[Date "2006.05.28"]
[Round "5"]
[White "Grabenweger, Wolfgang"]
[Black "Krueckel, Franz"]
[Result "1-0"]
[WhiteElo "1533"]
[BlackElo "1525"]
[PlyCount "41"]
[EventDate "2006.05.25"]

1. e4 c5 2. Nf3 Nc6 3. Bc4 e6 4. c3 d5 5. exd5 exd5 6. Be2 Nf6 7. O-O Be7 8.
Re1 O-O 9. d4 b6 10. Bg5 h6 11. Bh4 Bg4 12. h3 Bh5 13. Nbd2 Bg6 14. Bb5 Rc8 15.
Bxc6 Ne4 16. Bxe7 Qxe7 17. Bxd5 Kh8 18. Bxe4 f5 19. Bxf5 Qxe1+ 20. Qxe1 Bxf5
21. Qe5 1-0